| 000 | 01153nam a2200265 a 4500 | ||
|---|---|---|---|
| 001 | 40145 | ||
| 003 | BD-RjUL | ||
| 005 | 20241202110656.0 | ||
| 008 | 160423b1982 ii ||||| |||| 00| 0 ben d | ||
| 020 | _c: IRs 6.00 | ||
| 020 | _c: IRs 8.00 | ||
| 035 | _a(BD-RjUL)40260 | ||
| 040 |
_aBD-RjUL _bben _cBD-RjUL |
||
| 041 | _aben | ||
| 082 |
_223 _a891.442 _bRAK 1982 |
||
| 100 |
_aরায়, দ্বিজেন্দ্রলাল _9119722 |
||
| 245 | 1 | 0 |
_aদ্বিজেন্দ্রলাল রায়ের গ্রন্থাবলী / _cদ্বিজেন্দ্রলাল রায় |
| 246 | _aকবিবর দ্বিজেন্দ্রলাল রায়ের গ্রন্থাবলী | ||
| 260 |
_aকলিকাতা : _bবসুমতী কর্পোরেশন লিমিটেড, _c[১৯৮২?] |
||
| 300 |
_a খণ্ড ; _c২১ সেমি |
||
| 505 | 0 | _aখণ্ড ১-- খণ্ড ২ -- খণ্ড ৩ -- | |
| 650 |
_aবাংলা সাহিত্য _xনাটক _9122902 |
||
| 650 |
_aBengali Literature _xDrama _9122903 |
||
| 942 |
_2ddc _cBK |
||
| 999 |
_c40145 _d40145 |
||